000 01117nam2a2200253 4500
001 RU\NLR\bibl\1871256
005 20250616190505.0
021 _aRU
_b2012-6675
_9485
035 _a(NLR Aleph) 001861097
090 _a2532526
_c2532526
100 _a20120217d2010 |||y0rusy50 ca
101 0 _arus
_aeng
102 _aRU
105 _ay |||||||||
200 0 _aЧ. 2
210 _d2010
_aБ. м.
215 _a119 с.
320 _aБиблиогр. в "Acknowledgements": с. 119
461 0 _1001RU\NLR\bibl\1885757
_12001#$aВ записную книжку переводчика$vЧ. 2
_92719310
_aФурс, Л. А.
_cТамбов
_d2010
_fЛ.А. Фурс, И.Ю. Мостовская
_lTo be taken to a translator's table-book
_nИзд-во ТГУ
_oучебное пособие для студентов, обучающихся по специальности 031202 - Перевод и переводоведение : в 2 ч.
_tВ записную книжку переводчика
_vЧ. 2
801 0 _aRU
_bNLR
_c20120217
_gRCR
801 1 _aRU
_bNLR
_c20120217
942 _cBOOK
980 _aNB